| 000 | 00345nam a2200133Ia 4500 | ||
|---|---|---|---|
| 005 | 20260328104311.0 | ||
| 008 | 260328s9999||||xx |||||||||||||| ||und|| | ||
| 100 | _aFernández-Galiano, Luis | ||
| 245 | 0 |
_aRCR : _bArquitectes| / _cLuis Fernández-Galiano |
|
| 260 | _bArquitectura Viva | ||
| 300 | _a238 p. | ||
| 650 | _aARQUITECTOS | ||
| 942 | _cBK | ||
| 999 |
_c10972 _d10972 |
||